000 00701cas a22002535a 4500
001 L00202908
008 070619c2003 xxkmr p 0 a0eng
022 1 _a1742-3716
035 _a(Sirsi) u98835
041 0 _aeng
110 2 _aLandscape Design Trust
_95226
245 0 0 _aGreen Places
_bIncorporating Landscape Design
260 _aRedhill
_bLandscape Design Trust
_c2003-
362 0 _a2003-
510 2 _aKnowledge Alert
_c2006-
520 _aKept for one year
554 _a10 per year
651 4 _aUnited Kingdom
_y
690 _aBUILT ENVIRONMENT
780 0 0 _tLandscape Design
_x0020-2908
856 _uhttps://www.landscape.co.uk/gp.html
942 _n0
948 _c18/07/1994
999 _c118541
_d118541